| 000 | 00870nam0a22002411 4500 | ||
|---|---|---|---|
| 001 | rc\3259897 | ||
| 005 | 20260407121919.0 | ||
| 021 |
_aRU _bРг7283-74 |
||
| 035 | _a(NLR Aleph) 007386276 | ||
| 090 |
_a6562287 _c6562287 |
||
| 100 | _a20130115d1974 |||y0rusy50 ca | ||
| 101 | 0 | _arus | |
| 102 | _aRU | ||
| 105 | _aa b ||||| | ||
| 200 | 1 |
_aФорсунки и распылители унифицированные _eКаталог _fБалт. центр. проектно-конструкт. бюро |
|
| 210 |
_aМосква _cБ. и. _d1974 |
||
| 215 |
_a76 с. _cчерт. _d21х29 |
||
| 712 | 0 | 2 |
_aБалтийское центральное проектно-конструкторское бюро _cЛенинград _3RU\NLR\AUTH\8810070723 _9643192 |
| 801 | 0 |
_aRU _bNLR _gpsbo |
|
| 801 | 1 |
_aRU _bELAR _2rusmarc |
|
| 852 |
_aNLR _bСВТЛ |
||
| 942 | _cBOOK | ||
| 980 | _aNB | ||